| 000 | 00789nam a2200265 i 4500 | ||
|---|---|---|---|
| 001 | 77589 | ||
| 003 | ES-MaACL | ||
| 005 | 20250803000104.0 | ||
| 007 | t| | ||
| 008 | 041025s2004 sp |||| | spa d | ||
| 020 | _a84-95282-82-8 | ||
| 080 | _a008(460)"17" | ||
| 080 | _a930.85(460)"17" | ||
| 100 | 1 |
_aSouto Rodríguez, José Manuel. _9107594 |
|
| 245 | 1 | 3 |
_aEl siglo XVIII español _b: cultura, ciencia y filosofía / _cJosé Manuel Souto Rodríguez. |
| 260 |
_aMadrid : _bMileto, _c2004. |
||
| 300 |
_a230 p. ; _c21 cm. |
||
| 490 | 1 | _aEnsayo | |
| 504 | _aBibliografía: p. 223-228. | ||
| 650 | 0 | 4 |
_aIlustración- _zEspaña _913585 |
| 651 | 4 |
_aEspaña- _xCivilización- _yS.XVIII. _98170 |
|
| 830 | 0 |
_aEnsayo _9177699 |
|
| 852 |
_aES-MaACL _jL-28350 |
||
| 999 |
_c77589 _d77589 |
||